Pojem a druhy administratívnoprávnych noriem

Charakteristika administratívnoprávnych noriem. Štruktúra administratívnoprávnej normy. Členenie noriem podľa právneho charakteru na zaväzujúce a zmocňujúce a ich charakteristika. Členenie noriem podľa právneho obsahu na hmotnoprávne a procesnoprávne - ich charakteristika. Rozlíšenie noriem podľa za...

Ausführliche Beschreibung

Gespeichert in:
Bibliographische Detailangaben
1. Verfasser: Škultéty, P.
Format: Buchkapitel
Sprache:Slowakisch
Schlagworte:
Tags: Tag hinzufügen
Keine Tags, Fügen Sie das erste Tag hinzu!

MARC

LEADER 00000naa a2200000 4500
001 r019674
005 20221213101357.3
041 0 |a slo 
044 |a SK 
245 1 0 |a Pojem a druhy administratívnoprávnych noriem  |c P. Škultéty 
520 |a Charakteristika administratívnoprávnych noriem. Štruktúra administratívnoprávnej normy. Členenie noriem podľa právneho charakteru na zaväzujúce a zmocňujúce a ich charakteristika. Členenie noriem podľa právneho obsahu na hmotnoprávne a procesnoprávne - ich charakteristika. Rozlíšenie noriem podľa zamerania (cieľa) na dve skupiny. Realizácia administratívnoprávnych noriem. Interpretácia, výklad noriem. 
610 2 0 |a normy právne 
610 2 0 |a pojmy 
610 2 0 |a poriadok právny 
610 2 0 |a správa verejná 
610 2 0 |a právo správne 
610 2 0 |a orgány štátne 
100 1 |a Škultéty, P.